000 00782nam a2200229 i 4500
001 C2-0250616
003 PPAK
005 20180727214255.0
008 030713s1973 miua|||| ||||| | eng d
040 _aPPAK
_beng
_cPPAK
_erda
082 0 4 _a378.411
_223
090 0 0 _a378.411
_bAND
_dKSA
245 0 0 _aAndrews University Buletin 1972-1973 :
_bSeventh-day Adventist Theological Seminary
264 1 _aMichigan :
_bAndrews University ,
_c1973
300 _a96 pages :
_bcolour illustrations ;
_c23 cm
336 _2rdacontent
_atext
337 _2rdamedia
_aunmediated
338 _2rdacarrier
_avolume
500 _aThe Seminary
650 1 0 _aUniversities and colleges - Scotland - Handbooks, manual, etc. ; University of St. Andrews - Handbooks, manual, etc.
942 _ddc
_cB
999 _c63954
_d63954